=LDR 00000nam 2200000 4500 =001 INLIS000000000010377 =005 20200514120042 =035 ##$$a 0010-061300000010377 =008 200514################g##########0#ind## =041 ##$$a Ind =082 ##$$a 2x4.75 =090 ##$$a 2x4.75, Haw j =100 1#$$a Hawa, Sa'id =245 1#$$a Jundullah tentara Allah dalam intelektualitas dan moralitas /$c Sa'id Hawa =260 ##$$a Solo :$b intermedia,$c 2002 =300 ##$$a 256 hlm, ; $c 15x23 cm =650 #4$$a Pertahanan Islam =850 ##$$a NBPNMAT =020 ##$$a 979-9183-86-3 =084 ##$$a 2x4.75 HAW j =250 ##$$a cet.1 =990 ##$$a 1036702 =990 ##$$a 1036700 =990 ##$$a 1036699